000 nam a22 7a 4500
999 _c6912
_d6912
005 20190121010455.0
008 190121b xxu||||| |||| 00| 0 eng d
020 _a9781848661653
_bpaperback
040 _beng
_cAPEC Schools Library
_erda
082 _aC 510
_bEl87m 2011
100 _aElwes, Richard
245 _aThe Math handbook :
_beveryday math made simple
_cRichard Elwes
264 _aLondon :
_bQuercus Publishing Plc.,
_c©2011.
_d2011.
300 _a223 pages :
_bcolored illustrations ;
_c22 cm
336 _2rdacontent
_atext
337 _2rdamedia
_aunmediated
338 _2rdacarrier
_avolume
504 _aIncludes index.
650 _aMathematics
942 _2ddc
_cBK